Physiognomy : (Record no. 39777)

MARC details
000 -LEADER
fixed length control field 02052nam a22002657a 4500
020 ## - INTERNATIONAL STANDARD BOOK NUMBER
ISBN 9788171391431
041 ## - LANGUAGE CODE
Language code of text/sound track or separate title eng
082 ## - DEWEY DECIMAL CLASSIFICATION NUMBER
Classification number 138
Item number THA-P
100 ## - MAIN ENTRY--AUTHOR NAME
Personal name Thakur, L. K.
Relator term author
245 ## - TITLE STATEMENT
Title Physiognomy :
Sub Title past, present and future /
Statement of responsibility, etc Er. L. K. Thakur
260 ## - PUBLICATION, DISTRIBUTION, ETC. (IMPRINT)
Place of publication New Delhi :
Name of publisher Jnanada Prakashan (P&D),
Year of publication 2022.
300 ## - PHYSICAL DESCRIPTION
Number of Pages 229p.
520 ## - SUMMARY, ETC.
Summary, etc This book titled "Physiognomy: Past, Present and Future" is the only publication of its type published anywhere dealing with all aspects of physiognomy, phrenology, use of face reading in criminology besides predictions based on large jaws, its forward projection, low sloping forehead and high cheekbones, flattened or upturned nose, handle-shape ears, hawk-like noses, fleshy lips, hard shifty eyes, scanty beard or baldness, insensivity to pain and long arms relative to the lower limbs.<br/><br/>This Book will be most useful not only for the students, teachers, researchers, futurologists, criminal justice administrators, policing staff, criminology and forensic science experts, policy makers, bureaucrats and officials of the Central and Governments for enabling them to acquire expert knowledge regarding the art and science of physiognomy, phrenology, fortune telling and face reading not only for telling the future but also in locating the criminals.<br/><br/>It is expected that the Central and the State Governments will certainly ensure the wider circulation of this unique publication with full of zeal and enthusiasm so that diagnostic approach to physiognomy may use the principles, practices information and pictures contained in this Book to the fullest extent of their abilities.
546 ## - LANGUAGE NOTE
Language note English.
650 ## - SUBJECT ADDED ENTRY--TOPICAL TERM
Topical Term Physiognomy
650 ## - SUBJECT ADDED ENTRY--TOPICAL TERM
Topical Term Phrenology
650 ## - SUBJECT ADDED ENTRY--TOPICAL TERM
Topical Term Fortune-telling
650 ## - SUBJECT ADDED ENTRY--TOPICAL TERM
Topical Term Face perception
650 ## - SUBJECT ADDED ENTRY--TOPICAL TERM
Topical Term Criminology
General subdivision Psychological aspects
650 ## - SUBJECT ADDED ENTRY--TOPICAL TERM
Topical Term Forensic sciences
General subdivision Psychological aspects
650 ## - SUBJECT ADDED ENTRY--TOPICAL TERM
Topical Term Criminal behavior
General subdivision Physiological aspects
650 ## - SUBJECT ADDED ENTRY--TOPICAL TERM
Topical Term Personality assessment
650 ## - SUBJECT ADDED ENTRY--TOPICAL TERM
Topical Term Body, Human
General subdivision Symbolic aspects
942 ## - ADDED ENTRY ELEMENTS (KOHA)
Source of classification or shelving scheme Dewey Decimal Classification
Koha item type Books
Holdings
Withdrawn status Lost status Damaged status Not for loan Home library Current library Date acquired Source of acquisition Cost, normal purchase price Bill Date Full call number Accession Number Cost, replacement price Price effective from Koha item type
        NASSDOC Library NASSDOC Library 16/12/2024 Gratis 0.00 INR 138 THA-P 54837 3500.00 16/12/2024 Books